[Event "Gibraltar Challengers B"]
[Site "Gibraltar"]
[Date "2019.01.28"]
[Round "3.17"]
[White "Orndahl, Mats"]
[Black "Kakulidis, Ellen"]
[Result "1-0"]
[WhiteElo "2160"]
[BlackElo "2021"]
[PlyCount "73"]
[EventDate "2019.01.26"]
[EventType "swiss"]
[EventRounds "5"]
[EventCountry "GGB"]

1. d4 d5 2. Bf4 e6 3. e3 Nf6 4. Nd2 Bd6 5. Bg3 c5 6. c3 Qc7 7. Bd3 Nbd7 8. Ngf3
O-O 9. e4 e5 10. O-O exd4 11. cxd4 Bxg3 12. hxg3 cxd4 13. exd5 Nxd5 14. Nxd4
N7f6 15. Rc1 Qb6 16. Nc4 Qd8 17. Re1 g6 18. Be2 Nb6 19. Ne3 Nbd7 20. Nb5 Ne5
21. Rc5 Nc6 22. Qc2 Be6 23. Bf3 Qb6 24. Bxc6 bxc6 25. Nd4 Bd5 26. Nxc6 Be4 27.
Ne7+ Kg7 28. Qc3 Rfe8 29. Re5 Kf8 30. Nc4 Qb7 31. Nd6 Qb8 32. Nxe8 Qb7 33. Nd6
Qd7 34. Nxe4 Ng4 35. Nc5 Qd6 36. Rd5 Qb6 37. Qh8# 1-0

[Event "Gibraltar Challengers B"]
[Site "Gibraltar"]
[Date "2019.01.28"]
[Round "3.18"]
[White "Adebajo, Olufemi"]
[Black "Haase, Pavel"]
[Result "0-1"]
[WhiteElo "1915"]
[BlackElo "2141"]
[PlyCount "32"]
[EventDate "2019.01.26"]
[EventType "swiss"]
[EventRounds "5"]
[EventCountry "GGB"]

1. e4 c5 2. Nf3 Nc6 3. b4 cxb4 4. d4 e6 5. d5 Qf6 6. c3 Ne5 7. Nd4 Bc5 8. f4
bxc3 9. fxe5 Qh4+ 10. Ke2 Qg4+ 11. Ke1 Qxe4+ 12. Qe2 Qxd4 13. Ba3 c2 14. Qxc2
Bxa3 15. Nxa3 Qxa1+ 16. Kf2 Qd4+ 0-1

[Event "Gibraltar Challengers B"]
[Site "Gibraltar"]
[Date "2019.01.28"]
[Round "3.19"]
[White "Kandic, Milan"]
[Black "Bryn, Askild"]
[Result "1/2-1/2"]
[WhiteElo "2136"]
[BlackElo "2010"]
[PlyCount "135"]
[EventDate "2019.01.26"]
[EventType "swiss"]
[EventRounds "5"]
[EventCountry "GGB"]

1. e4 c6 2. Nc3 d5 3. Nf3 dxe4 4. Nxe4 Nf6 5. Nxf6+ gxf6 6. d4 Bg4 7. Be2 e6 8.
Bf4 Nd7 9. O-O Rg8 10. c4 Nb6 11. Rc1 Nc8 12. Qb3 Qb6 13. Qc3 Ne7 14. c5 Qd8
15. Qb3 Qd7 16. a4 Rd8 17. Kh1 h5 18. h3 Ng6 19. Bh2 Bf5 20. Rcd1 Be4 21. Qe3
Bd5 22. b3 Rh8 23. Bc4 Bh6 24. Qe2 Nf4 25. Bxf4 Bxf4 26. Nh4 Kf8 27. Bxd5 Qxd5
28. Qf3 Bg5 29. Qxd5 Rxd5 30. Nf3 Bh6 31. b4 Ke7 32. b5 Rhd8 33. bxc6 bxc6 34.
Rb1 R5d7 35. Rb3 Bg7 36. a5 f5 37. Ne5 Bxe5 38. dxe5 Rd5 39. Rb7+ R8d7 40. Rfb1
Rxc5 41. Rxd7+ Kxd7 42. Rb7+ Kc8 43. Rxa7 Rxe5 44. a6 Ra5 45. Rxf7 Rxa6 46. Rh7
c5 47. Rxh5 Kd7 48. g4 c4 49. gxf5 c3 50. fxe6+ Rxe6 51. Rd5+ Rd6 52. Rc5 Rc6
53. Rd5+ Ke6 54. Rd1 c2 55. Rc1 Kd5 56. Kg2 Kd4 57. h4 Kd3 58. Kg3 Rg6+ 59. Kf4
Rf6+ 60. Kg5 Rxf2 61. h5 Kd2 62. Rxc2+ Kxc2 63. Kg6 Kd3 64. h6 Ke4 65. h7 Rg2+
66. Kf6 Rh2 67. Kg7 Rxh7+ 68. Kxh7 1/2-1/2

[Event "Gibraltar Challengers B"]
[Site "Gibraltar"]
[Date "2019.01.28"]
[Round "3.20"]
[White "Fegan, Chris"]
[Black "Jordan Martinez, David"]
[Result "0-1"]
[WhiteElo "2024"]
[BlackElo "2125"]
[PlyCount "78"]
[EventDate "2019.01.26"]
[EventType "swiss"]
[EventRounds "5"]
[EventCountry "GGB"]

1. d4 Nf6 2. c4 e6 3. g3 d5 4. Bg2 Be7 5. Nc3 c6 6. Nf3 O-O 7. O-O b6 8. Ne5
Bb7 9. e4 Nbd7 10. Qa4 Nxe5 11. dxe5 Nxe4 12. Nxe4 dxe4 13. Bxe4 Qc7 14. Qc2 g6
15. Bh6 Rfd8 16. f4 Rd4 17. Bf3 Rad8 18. Rad1 c5 19. Rxd4 cxd4 20. Bxb7 Qxb7
21. Qg2 Qd7 22. g4 d3 23. f5 Qd4+ 24. Kh1 Qxc4 25. Rc1 Qb4 26. f6 Bc5 27. Rd1
Qd4 28. a3 Qxe5 29. b4 Be3 30. g5 d2 31. h3 a6 32. Qe2 Qd5+ 33. Qg2 Rc8 34.
Qxd5 exd5 35. Kg2 Rc1 36. Kf3 Rxd1 37. Kxe3 Ra1 38. Kxd2 Rxa3 39. h4 Rb3 0-1

[Event "Gibraltar Challengers B"]
[Site "Gibraltar"]
[Date "2019.01.28"]
[Round "3.21"]
[White "Alarcon Olmos, Daniel"]
[Black "Skutta, Bernd"]
[Result "1-0"]
[WhiteElo "2124"]
[BlackElo "1988"]
[PlyCount "115"]
[EventDate "2019.01.26"]
[EventType "swiss"]
[EventRounds "5"]
[EventCountry "GGB"]

1. e4 d6 2. d4 Nf6 3. Bd3 e5 4. Ne2 Be7 5. O-O O-O 6. f4 Nbd7 7. c3 c6 8. Nd2
Qb6 9. Kh1 a5 10. Qc2 Qc7 11. Nf3 c5 12. fxe5 dxe5 13. dxe5 c4 14. exf6 Bxf6
15. Bf4 Qc5 16. Bxc4 Qxc4 17. e5 Re8 18. b3 Qa6 19. Rad1 g6 20. exf6 Rxe2 21.
Rfe1 Rxe1+ 22. Rxe1 Nxf6 23. Qd2 Bf5 24. Qd4 Re8 25. Rxe8+ Nxe8 26. Qe5 Qf1+
27. Ng1 Bd7 28. Bg3 Bc6 29. Qe2 Qxe2 30. Nxe2 Nf6 31. Nd4 Be4 32. Bc7 a4 33.
bxa4 Nd5 34. Ba5 Ne3 35. Nf3 f5 36. Bb4 Kg7 37. Kg1 Kf6 38. Kf2 Ng4+ 39. Kg3 g5
40. h3 Ne3 41. Kf2 Nc4 42. Nd4 h5 43. a5 h4 44. Nb3 g4 45. hxg4 fxg4 46. Nc5
Bc6 47. a6 bxa6 48. Nxa6 g3+ 49. Kg1 Ne3 50. Bd6 Nxg2 51. Nb4 Be4 52. c4 Kf5
53. Nd5 Bxd5 54. cxd5 Nf4 55. Bxf4 Kxf4 56. d6 Kf3 57. d7 h3 58. d8=Q 1-0

[Event "Gibraltar Challengers B"]
[Site "Gibraltar"]
[Date "2019.01.28"]
[Round "3.22"]
[White "Osuna Vega, Enrique"]
[Black "James, Kevin"]
[Result "1-0"]
[WhiteElo "2116"]
[BlackElo "1948"]
[PlyCount "97"]
[EventDate "2019.01.26"]
[EventType "swiss"]
[EventRounds "5"]
[EventCountry "GGB"]

1. e4 c6 2. d4 d5 3. e5 c5 4. c4 cxd4 5. Qxd4 Nc6 6. Qxd5 Qxd5 7. cxd5 Nxe5 8.
Bf4 Ng6 9. Bg3 Nf6 10. Nc3 a6 11. Be2 Bf5 12. Bf3 Bg4 13. Bxg4 Nxg4 14. Nf3 h5
15. h3 Nf6 16. O-O h4 17. Bh2 Rh5 18. Rad1 Rd8 19. Bc7 Rd7 20. d6 exd6 21.
Rfe1+ Be7 22. Bxd6 Kd8 23. Bxe7+ Nxe7 24. Rxd7+ Nxd7 25. Re4 Ng6 26. Rd4 Kc7
27. Nd5+ Kc6 28. Nf4 Nxf4 29. Rxf4 Ne5 30. Nxe5+ Rxe5 31. Rxf7 Re1+ 32. Kh2 Re2
33. g4 Rxb2 34. g5 Rxa2 35. Kg2 b5 36. Rxg7 b4 37. Rg8 Rd2 38. Rb8 a5 39. Kf3
Kc5 40. Ke3 Rd6 41. f4 a4 42. f5 a3 43. Ra8 Kc4 44. f6 Rd7 45. g6 Rd3+ 46. Ke2
Rg3 47. f7 b3 48. f8=Q b2 49. Qf7+ 1-0

[Event "Gibraltar Challengers B"]
[Site "Gibraltar"]
[Date "2019.01.28"]
[Round "3.23"]
[White "Bottema, Martin"]
[Black "Hng, Mei-Xian Eunice"]
[Result "1/2-1/2"]
[WhiteElo "2104"]
[BlackElo "1718"]
[PlyCount "51"]
[EventDate "2019.01.26"]
[EventType "swiss"]
[EventRounds "5"]
[EventCountry "GGB"]

1. Nf3 c5 2. c4 Nf6 3. Nc3 e6 4. g3 Nc6 5. Bg2 d5 6. cxd5 exd5 7. d4 Be7 8. O-O
h6 9. dxc5 Bxc5 10. a3 O-O 11. b4 Be7 12. Bb2 Bf5 13. Nd4 Bg6 14. Rc1 Rc8 15.
Bh3 Rb8 16. Nf5 Re8 17. Nxe7+ Qxe7 18. Re1 Rbd8 19. Nb5 Ne4 20. Bg2 a6 21. Nc3
d4 22. Nxe4 Bxe4 23. Qd2 Bxg2 24. Kxg2 Qe4+ 25. Kg1 Rd5 26. Rcd1 1/2-1/2

[Event "Gibraltar Challengers B"]
[Site "Gibraltar"]
[Date "2019.01.28"]
[Round "3.24"]
[White "Schouten, Freek"]
[Black "Gostelow, David W"]
[Result "1/2-1/2"]
[WhiteElo "2087"]
[BlackElo "1850"]
[PlyCount "36"]
[EventDate "2019.01.26"]
[EventType "swiss"]
[EventRounds "5"]
[EventCountry "GGB"]

1. d4 d5 2. Nf3 Nf6 3. c4 c6 4. Nc3 Qb6 5. Qc2 g6 6. Bf4 Bf5 7. Qc1 Bg7 8. e3
O-O 9. Nh4 Be6 10. c5 Qd8 11. h3 Nbd7 12. Bd3 b6 13. b4 bxc5 14. bxc5 Qa5 15.
O-O Nh5 16. Bh2 Bf6 17. Nf3 Nxc5 18. Be2 Ng7 1/2-1/2

[Event "Gibraltar Challengers B"]
[Site "Gibraltar"]
[Date "2019.01.28"]
[Round "3.25"]
[White "Cao Armillas, Jesus"]
[Black "Erdogan, Hassan"]
[Result "1-0"]
[WhiteElo "2048"]
[BlackElo "1833"]
[PlyCount "69"]
[EventDate "2019.01.26"]
[EventType "swiss"]
[EventRounds "5"]
[EventCountry "GGB"]

1. d4 Nf6 2. c4 d6 3. Nf3 Nbd7 4. g3 e5 5. Bg2 Be7 6. O-O a5 7. Nc3 O-O 8. Qc2
c6 9. Rd1 Qc7 10. b3 Re8 11. e4 b5 12. Bb2 bxc4 13. bxc4 exd4 14. Nxd4 Ne5 15.
Na4 Ba6 16. Bf1 c5 17. Nf5 Bb7 18. Bg2 Bf8 19. Nc3 Ba6 20. Nb5 Bxb5 21. cxb5
Rab8 22. a4 g6 23. Ne3 Bg7 24. f4 Neg4 25. Nc4 Rbd8 26. h3 Nh6 27. Bc3 Nh5 28.
Bxa5 Qb8 29. Ra3 Rd7 30. e5 Nf5 31. Bc6 Rde7 32. Bxe8 Rxe8 33. Nxd6 Nxd6 34.
Rxd6 Nxg3 35. Rxg3 1-0

[Event "Gibraltar Challengers B"]
[Site "Gibraltar"]
[Date "2019.01.28"]
[Round "3.26"]
[White "Teh, Wee Zhun"]
[Black "Kozarcanin, Sead"]
[Result "0-1"]
[WhiteElo "1818"]
[BlackElo "2048"]
[PlyCount "64"]
[EventDate "2019.01.26"]
[EventType "swiss"]
[EventRounds "5"]
[EventCountry "GGB"]

1. d4 d5 2. c4 c6 3. Nc3 Nf6 4. e3 a6 5. Nf3 b5 6. b3 Bg4 7. Be2 e6 8. O-O Nbd7
9. a4 b4 10. Nb1 Ne4 11. h3 Bh5 12. c5 a5 13. Bb2 Be7 14. Qc2 Qc7 15. Nbd2 f5
16. Rae1 O-O 17. Nxe4 fxe4 18. Ng5 Bxg5 19. Bxh5 Nf6 20. Bd1 Nd7 21. Bg4 Rae8
22. Qd1 Bf6 23. Qa1 Rf7 24. Qc1 g6 25. f4 exf3 26. Bxf3 Bh4 27. Rd1 Qg3 28. Qd2
Nf6 29. Qe2 Ref8 30. Bg4 Nxg4 31. Qxg4 Rxf1+ 32. Rxf1 Rxf1+ 0-1

[Event "Gibraltar Challengers B"]
[Site "Gibraltar"]
[Date "2019.01.28"]
[Round "3.27"]
[White "Saber, Yasser"]
[Black "Tkadlecek, Petr"]
[Result "1-0"]
[WhiteElo "2201"]
[BlackElo "1719"]
[PlyCount "67"]
[EventDate "2019.01.26"]
[EventType "swiss"]
[EventRounds "5"]
[EventCountry "GGB"]

1. e4 c5 2. Nf3 Nc6 3. Bb5 Qc7 4. c3 a6 5. Ba4 b5 6. Bc2 e5 7. O-O Nf6 8. a4 b4
9. d4 Bd6 10. dxe5 Bxe5 11. Nxe5 Qxe5 12. f4 Qe7 13. e5 Ng8 14. Nd2 Nh6 15. Ne4
O-O 16. Be3 d6 17. exd6 Qh4 18. g3 Qh3 19. Ng5 Qd7 20. f5 bxc3 21. bxc3 c4 22.
f6 Re8 23. Bxh7+ Kf8 24. fxg7+ Kxg7 25. Bd4+ Ne5 26. Bxe5+ Rxe5 27. Qd4 f6 28.
Rxf6 Kxf6 29. Rf1+ Nf5 30. Rxf5+ Qxf5 31. Bxf5 Bxf5 32. Nf3 Rae8 33. g4 Bd3 34.
d7 1-0

[Event "Gibraltar Challengers B"]
[Site "Gibraltar"]
[Date "2019.01.28"]
[Round "3.28"]
[White "Cano Sevilla, Ivan"]
[Black "Ungureanu, Sandu"]
[Result "1/2-1/2"]
[WhiteElo "1950"]
[BlackElo "2057"]
[PlyCount "120"]
[EventDate "2019.01.26"]
[EventType "swiss"]
[EventRounds "5"]
[EventCountry "GGB"]

1. d4 c6 2. Nf3 d5 3. Bf4 Nf6 4. e3 Bg4 5. Be2 Bxf3 6. Bxf3 e6 7. c3 Bd6 8. Bg5
Nbd7 9. Nd2 h6 10. Bh4 Qc7 11. Qe2 g5 12. Bg3 h5 13. Bxd6 Qxd6 14. g3 g4 15.
Bg2 h4 16. Rg1 O-O-O 17. e4 e5 18. dxe5 Qxe5 19. exd5 Qxe2+ 20. Kxe2 Rhe8+ 21.
Kd1 Ne5 22. Kc2 h3 23. Bh1 Nxd5 24. Rge1 Nf6 25. Rad1 Kc7 26. f4 Ng6 27. c4
Rxe1 28. Rxe1 Re8 29. Rxe8 Nxe8 30. Be4 Ne7 31. Kc3 f5 32. Bc2 c5 33. a3 a5 34.
b4 axb4+ 35. axb4 b6 36. bxc5 bxc5 37. Nf1 Nd6 38. Ne3 Kd7 39. Nd5 Nxd5+ 40.
cxd5 Kc7 41. Bd3 Kb6 42. Kb3 Kb7 43. Kc3 Kb6 44. Kb3 Kc7 45. Kc3 Kb6 46. Kb3
Ka5 47. Kc3 Ka4 48. Bc2+ Kb5 49. Bb1 c4 50. Kd4 Kb4 51. Ke5 Kc5 52. Ke6 c3 53.
Bc2 Ne4 54. Kxf5 Nxg3+ 55. Kxg4 Ne2 56. f5 Kxd5 57. f6 Ke6 58. Kg5 Kf7 59. Bb3+
Kf8 60. Kh4 Nf4 1/2-1/2

[Event "Gibraltar Challengers B"]
[Site "Gibraltar"]
[Date "2019.01.28"]
[Round "3.29"]
[White "Herzwurm, Robert"]
[Black "Obiamiwe, Paul"]
[Result "0-1"]
[WhiteElo "2021"]
[BlackElo "1903"]
[PlyCount "50"]
[EventDate "2019.01.26"]
[EventType "swiss"]
[EventRounds "5"]
[EventCountry "GGB"]

1. e4 e5 2. Nf3 Nc6 3. Bc4 Bc5 4. b4 Bxb4 5. c3 Be7 6. d4 Na5 7. Bd3 d6 8. dxe5
dxe5 9. Nxe5 Nf6 10. O-O O-O 11. Qc2 c6 12. Nd2 Qc7 13. Nef3 h6 14. c4 b6 15.
Bb2 Rd8 16. e5 Nh5 17. Nd4 Nf4 18. Bh7+ Kh8 19. Qe4 Ne6 20. Nxe6 Bxe6 21. Rad1
Qd7 22. f4 Bc5+ 23. Kh1 Nxc4 24. Bc3 Ne3 25. f5 Bd5 0-1

[Event "Gibraltar Challengers B"]
[Site "Gibraltar"]
[Date "2019.01.28"]
[Round "3.30"]
[White "Suez-Panama, Gilles"]
[Black "Gillis Onieva, Celia"]
[Result "0-1"]
[WhiteElo "2078"]
[BlackElo "1930"]
[PlyCount "76"]
[EventDate "2019.01.26"]
[EventType "swiss"]
[EventRounds "5"]
[EventCountry "GGB"]

1. d4 Nf6 2. Nf3 e6 3. c4 b6 4. a3 c5 5. d5 Ba6 6. b3 exd5 7. cxd5 g6 8. Bb2
Bg7 9. Qc2 O-O 10. Nc3 Re8 11. e3 Bxf1 12. Kxf1 d6 13. h4 Nbd7 14. Rd1 Ne5 15.
Nxe5 Rxe5 16. Ne2 Rxd5 17. Rxd5 Nxd5 18. Bxg7 Kxg7 19. e4 Nf6 20. Nf4 Qe7 21.
f3 Qe5 22. g3 h5 23. Kg2 d5 24. exd5 Nxd5 25. Nxd5 Qxd5 26. Rd1 Qe6 27. Qc3+
Kg8 28. Re1 Qd6 29. Qc4 Rd8 30. Qb5 Kg7 31. a4 Qd2+ 32. Re2 Qd1 33. Qc4 Rd3 34.
Qe4 Qxb3 35. Qe5+ Kh7 36. Qb8 Qd5 37. Re4 Rd2+ 38. Kh3 Qf5+ 0-1

[Event "Gibraltar Challengers B"]
[Site "Gibraltar"]
[Date "2019.01.28"]
[Round "3.32"]
[White "Hassomal Daswani, Birjkumar"]
[Black "Nandi, Robin J"]
[Result "1-0"]
[WhiteElo "2008"]
[BlackElo "1903"]
[PlyCount "85"]
[EventDate "2019.01.26"]
[EventType "swiss"]
[EventRounds "5"]
[EventCountry "GGB"]

1. e4 e5 2. Nf3 Nc6 3. Bc4 Bc5 4. O-O Nf6 5. d3 d6 6. c3 O-O 7. a4 a6 8. Bg5 h6
9. Bh4 Ba7 10. Bb3 Re8 11. Nbd2 Be6 12. Bc2 Qe7 13. Re1 Rad8 14. Nf1 d5 15.
exd5 Bxd5 16. Nxe5 Nxe5 17. d4 Nf3+ 18. gxf3 Qxe1 19. Qxe1 Rxe1 20. Rxe1 Bxf3
21. Re7 Nd5 22. Rxf7 Kxf7 23. Bxd8 c5 24. Nd2 Bg4 25. dxc5 Bxc5 26. Be4 Ne3 27.
b4 Ba7 28. Bxb7 Nd1 29. Ne4 Bf5 30. Nd6+ Ke6 31. Nxf5 Kxf5 32. c4 Nxf2 33. c5
Nd3 34. Bb6 Bxb6 35. cxb6 Ke5 36. Bxa6 Nxb4 37. Bb5 Kd6 38. Kf2 Nd5 39. a5 Nc3
40. a6 Nd5 41. b7 Kc7 42. Bc6 Nb4 43. a7 1-0

[Event "Gibraltar Challengers B"]
[Site "Gibraltar"]
[Date "2019.01.28"]
[Round "3.34"]
[White "Livesey, R Nigel"]
[Black "Garcia Lopez, Juan Antonio"]
[Result "0-1"]
[WhiteElo "1797"]
[BlackElo "1964"]
[PlyCount "104"]
[EventDate "2019.01.26"]
[EventType "swiss"]
[EventRounds "5"]
[EventCountry "GGB"]

1. c4 e5 2. g3 Nf6 3. Bg2 d6 4. Nc3 g6 5. d3 Bg7 6. e4 O-O 7. Nge2 Nbd7 8. O-O
Nc5 9. b4 Ne6 10. h3 a5 11. b5 Nc5 12. Be3 Nfd7 13. Qd2 f5 14. Bg5 Nf6 15. Nd5
Ne6 16. Bxf6 Bxf6 17. Nxf6+ Qxf6 18. f4 Kh8 19. Kh2 Qg7 20. exf5 gxf5 21. Rae1
Nc5 22. fxe5 dxe5 23. d4 exd4 24. Qxd4 Qxd4 25. Nxd4 Bd7 26. Re5 Nd3 27. Rd5
Rad8 28. Nxf5 Nb4 29. Rd2 Bxf5 30. Rxd8 Rxd8 31. Rxf5 Nxa2 32. Rf2 Nc3 33. Bxb7
a4 34. Bd5 Nxd5 35. Rd2 Kg7 36. cxd5 Kf6 37. Ra2 Ra8 38. d6 cxd6 39. b6 Ke5 40.
b7 Rb8 41. Rxa4 Rxb7 42. g4 d5 43. h4 d4 44. Kg3 Rf7 45. g5 d3 46. Ra5+ Ke4 47.
Ra4+ Ke3 48. Ra6 Re7 49. Kg4 Re4+ 50. Kh5 d2 51. Ra3+ Ke2 52. Ra2 Ke1 0-1

[Event "Gibraltar Challengers B"]
[Site "Gibraltar"]
[Date "2019.01.28"]
[Round "3.35"]
[White "Diaz Mino, Daniel"]
[Black "Lutz, Juergen"]
[Result "1/2-1/2"]
[WhiteElo "1769"]
[BlackElo "1960"]
[PlyCount "112"]
[EventDate "2019.01.26"]
[EventType "swiss"]
[EventRounds "5"]
[EventCountry "GGB"]

1. e4 c5 2. d4 cxd4 3. c3 dxc3 4. Nxc3 Nc6 5. Bc4 e6 6. Nf3 Qc7 7. O-O Nf6 8.
Qe2 Ng4 9. Nb5 Qb8 10. h3 h5 11. e5 a6 12. Nbd4 Ngxe5 13. Nxe5 Qxe5 14. Nxc6
Qxe2 15. Bxe2 dxc6 16. b3 e5 17. Bb2 f6 18. Rfe1 Bb4 19. Red1 Be6 20. Rd3 Rd8
21. Rad1 Rxd3 22. Rxd3 h4 23. a3 Be7 24. Rf3 O-O 25. b4 Rd8 26. Bc3 Bd5 27. Re3
e4 28. Bg4 g6 29. f3 f5 30. fxe4 Bxe4 31. Be2 b5 32. Bf1 Rd1 33. Re1 Rxe1 34.
Bxe1 Bf6 35. Kf2 Bb2 36. Ke3 Kf7 37. Bxh4 Bxa3 38. Be1 c5 39. bxc5 Bxc5+ 40.
Kf4 Bd4 41. g3 Kf6 42. h4 Be5+ 43. Ke3 Ke6 44. Be2 Kd5 45. h5 gxh5 46. Bxh5 b4
47. Bxb4 Bxg3 48. Be2 f4+ 49. Kd2 f3 50. Bxa6 Kd4 51. Bc3+ Kc5 52. Ke3 Bd5 53.
Be2 f2 54. Bd4+ Kb4 55. Kd2 Bf4+ 56. Be3 Bxe3+ 1/2-1/2

[Event "Gibraltar Challengers B"]
[Site "Gibraltar"]
[Date "2019.01.29"]
[Round "4.1"]
[White "Meszaros, Andras"]
[Black "Berrocal Ruiz, Valentin"]
[Result "1-0"]
[WhiteElo "2226"]
[BlackElo "2127"]
[PlyCount "105"]
[EventDate "2019.01.26"]
[EventType "swiss"]
[EventRounds "5"]
[EventCountry "GGB"]

1. e4 g6 2. d4 Bg7 3. Nc3 d6 4. Be3 a6 5. Nf3 b5 6. a4 b4 7. Nd5 a5 8. c3 e6 9.
Nf4 bxc3 10. bxc3 Nf6 11. Bb5+ c6 12. Bd3 O-O 13. h3 Ba6 14. O-O Bxd3 15. Qxd3
e5 16. Ne2 d5 17. dxe5 dxe4 18. Qxd8 Rxd8 19. Ng5 Nd5 20. Bd4 Re8 21. f4 f5 22.
exf6 Bxf6 23. c4 c5 24. Bxf6 Nxf6 25. f5 Nbd7 26. fxg6 hxg6 27. Rad1 Ra6 28.
Nc3 e3 29. Rfe1 Ne5 30. Rxe3 Nxc4 31. Rxe8+ Nxe8 32. Rd8 Kf8 33. Rc8 Rb6 34.
Nge4 Rb3 35. Nd5 Kf7 36. Rxc5 Ned6 37. Nxd6+ Nxd6 38. Rxa5 Ra3 39. Ra6 Nc4 40.
Kh2 Nb2 41. Rf6+ Kg7 42. Rb6 Nxa4 43. Ra6 Ra2 44. Nf4 Nc3 45. Rxg6+ Kf7 46. Rb6
Rf2 47. Nd3 Re2 48. Rb2 Re3 49. Nf4 Ne4 50. Rb7+ Ke8 51. Re7+ Kd8 52. Re5 Re1
53. Ne6+ 1-0

[Event "Gibraltar Challengers B"]
[Site "Gibraltar"]
[Date "2019.01.29"]
[Round "4.2"]
[White "Ramasindraibe, Girard"]
[Black "Jordan Martinez, Miguel"]
[Result "0-1"]
[WhiteElo "2129"]
[BlackElo "2142"]
[PlyCount "184"]
[EventDate "2019.01.26"]
[EventType "swiss"]
[EventRounds "5"]
[EventCountry "GGB"]

1. d4 Nf6 2. Nc3 d5 3. Bg5 e6 4. Qd2 Be7 5. f3 c5 6. e3 cxd4 7. exd4 Nc6 8.
O-O-O a6 9. Kb1 b5 10. Nge2 Bd7 11. Nc1 Na5 12. Nd3 Nc4 13. Qe1 Rc8 14. Ne5 h6
15. Bc1 Qc7 16. Bxc4 bxc4 17. g4 Rb8 18. Ka1 Bb4 19. Qe3 Qa5 20. Bd2 Ba4 21.
Rc1 Nd7 22. g5 hxg5 23. Qxg5 g6 24. Nxd7 Kxd7 25. Qf4 Rhf8 26. Be1 Bd6 27. Qf6
Qb4 28. Nd1 Qb6 29. h4 a5 30. h5 gxh5 31. Rxh5 Be7 32. Qf4 Qd6 33. Qd2 Bc6 34.
Rh7 a4 35. Rg7 a3 36. b3 Bf6 37. Rg4 Rb7 38. Qh6 Qe7 39. Bh4 Bxh4 40. Rxh4 cxb3
41. cxb3 Rb4 42. Rh2 Rxd4 43. Rhc2 Rc8 44. Nc3 Rb4 45. Na4 Rxa4 46. bxa4 Qb4
47. Qf6 Bxa4 48. Rb1 Qxb1+ 49. Kxb1 Bxc2+ 50. Ka1 Bg6 51. Qf4 Rc4 52. Qe3 Rb4
53. Qa7+ Kc6 54. Qa6+ Rb6 55. Qc8+ Kb5 56. Qc3 Ra6 57. Qb3+ Kc6 58. Qc3+ Kd7
59. Qb4 Ra7 60. f4 Be4 61. Qb5+ Kc8 62. Qe8+ Kc7 63. Qxf7+ Kb8 64. Qe8+ Kb7 65.
Qxe6 Ra6 66. Qd7+ Kb8 67. Qb5+ Ka7 68. Qc5+ Kb7 69. f5 Rb6 70. Qe7+ Kb8 71.
Qd8+ Kb7 72. Qd7+ Kb8 73. Qd8+ Kb7 74. Qe7+ Kc6 75. Qf6+ Kc5 76. Qc3+ Kd6 77.
Qxa3+ Ke5 78. Qe7+ Kxf5 79. Qd7+ Kg6 80. a4 Ra6 81. Qb5 Ra8 82. Kb2 Kf5 83. Kc3
Ke5 84. a5 Rc8+ 85. Kd2 Kf4 86. Qf1+ Ke5 87. Qa1+ d4 88. a6 Rc2+ 89. Kd1 Rg2
90. Qa5+ Kf4 91. Qh5 Bf3+ 92. Kc1 Bxh5 0-1

[Event "Gibraltar Challengers B"]
[Site "Gibraltar"]
[Date "2019.01.29"]
[Round "4.7"]
[White "Bub, Volker"]
[Black "Alarcon Olmos, Daniel"]
[Result "0-1"]
[WhiteElo "2108"]
[BlackElo "2124"]
[PlyCount "72"]
[EventDate "2019.01.26"]
[EventType "swiss"]
[EventRounds "5"]
[EventCountry "GGB"]

1. e4 c5 2. Nc3 Nc6 3. f4 e6 4. Nf3 a6 5. d3 d5 6. Qe2 Nd4 7. Qf2 Nxf3+ 8. Qxf3
Nf6 9. Be2 b5 10. e5 Ng8 11. f5 b4 12. fxe6 Bxe6 13. Nd1 Qc7 14. Qg3 Ne7 15. c3
Nf5 16. Qf4 g5 17. Qf2 h6 18. g4 Nh4 19. d4 bxc3 20. bxc3 cxd4 21. cxd4 Bb4+
22. Kf1 f6 23. exf6 O-O 24. Kg1 Be7 25. Qg3 Bd6 26. Qf2 Qd8 27. Qe3 Rxf6 28.
Nf2 Qd7 29. h3 Raf8 30. Nd3 Bxg4 31. Ne5 Bxe2 32. Qxe2 Rf1+ 33. Qxf1 Rxf1+ 34.
Kxf1 Qf5+ 35. Kg1 Bxe5 36. dxe5 Qf6 0-1

[Event "Gibraltar Challengers B"]
[Site "Gibraltar"]
[Date "2019.01.29"]
[Round "4.8"]
[White "Broekman, Willem"]
[Black "Orndahl, Mats"]
[Result "1-0"]
[WhiteElo "2071"]
[BlackElo "2160"]
[PlyCount "121"]
[EventDate "2019.01.26"]
[EventType "swiss"]
[EventRounds "5"]
[EventCountry "GGB"]

1. d4 d5 2. c4 c6 3. Nf3 Nf6 4. Qb3 dxc4 5. Qxc4 Bg4 6. Nbd2 e6 7. g3 Nbd7 8.
Bg2 Be7 9. O-O O-O 10. Rd1 Qb6 11. b3 a5 12. Bb2 a4 13. e4 Rfd8 14. Bc3 Qa6 15.
Qxa6 Rxa6 16. b4 Raa8 17. Re1 Rac8 18. Rac1 b6 19. Nc4 Bh5 20. Nfe5 c5 21. Nxd7
Nxd7 22. dxc5 bxc5 23. b5 f6 24. Rb1 e5 25. Na5 Nb6 26. Bf1 Bf7 27. Nc6 Re8 28.
a3 Bb3 29. Ba5 Nc4 30. Bxc4+ Bxc4 31. Rb2 Bb3 32. Rd2 c4 33. Nxe7+ Rxe7 34. Rc1
Kf7 35. Rc3 Ke8 36. b6 Rd7 37. Rc1 Rxd2 38. Bxd2 Kd7 39. Rc3 Kc6 40. Be3 Rd8
41. Kg2 Rd1 42. h4 Ra1 43. Bc1 Kxb6 44. Kf3 Ra2 45. Ke3 Kc5 46. g4 g6 47. f4
Bd1 48. fxe5 fxe5 49. Bd2 Bxg4 50. Rc1 Rxa3+ 51. Bc3 Rb3 52. Kd2 Bf3 53. Re1
Kd6 54. Kc2 a3 55. Re3 Bg4 56. Rg3 Bd7 57. Rf3 a2 58. Rf6+ Be6 59. Rf1 Rb7 60.
Ra1 Ra7 61. Rd1+ 1-0

[Event "Gibraltar Challengers B"]
[Site "Gibraltar"]
[Date "2019.01.29"]
[Round "4.9"]
[White "Haase, Pavel"]
[Black "Spacapan, Simon"]
[Result "1-0"]
[WhiteElo "2141"]
[BlackElo "2061"]
[PlyCount "93"]
[EventDate "2019.01.26"]
[EventType "swiss"]
[EventRounds "5"]
[EventCountry "GGB"]

1. f4 d5 2. Nf3 c5 3. b3 Nc6 4. Bb2 Nf6 5. e3 Bg4 6. h3 Bd7 7. g4 Ne4 8. Rg1 e6
9. d3 Nd6 10. Nbd2 Qc7 11. Ne5 O-O-O 12. Bg2 f6 13. Nef3 Nf7 14. a3 Bd6 15. Qe2
e5 16. f5 Kb8 17. O-O-O d4 18. Ne4 b5 19. Nfd2 Rc8 20. Kb1 dxe3 21. Qxe3 Ne7
22. c4 a6 23. Ka2 Qb6 24. Rc1 Ka7 25. b4 a5 26. Nb3 axb4 27. axb4 bxc4 28. dxc4
Qxb4 29. Ba3 Qb6 30. Nxd6 Nxd6 31. Bxc5 Rxc5 32. Qxc5 Qxc5 33. Nxc5 Bc6 34.
Bxc6 Nxc6 35. Rgd1 Nd4 36. Nb3 Nxb3 37. Kxb3 Rb8+ 38. Ka4 Ne4 39. Rd7+ Ka6 40.
c5 Rc8 41. c6 Kb6 42. Rb7+ Ka6 43. Rxg7 h6 44. Rh7 Kb6 45. Rb7+ Ka6 46. Rb4 Nf2
47. Kb3 1-0

[Event "Gibraltar Challengers B"]
[Site "Gibraltar"]
[Date "2019.01.29"]
[Round "4.10"]
[White "Jordan Martinez, David"]
[Black "Cao Armillas, Jesus"]
[Result "1-0"]
[WhiteElo "2125"]
[BlackElo "2048"]
[PlyCount "97"]
[EventDate "2019.01.26"]
[EventType "swiss"]
[EventRounds "5"]
[EventCountry "GGB"]

1. e4 c5 2. g3 g6 3. Bg2 Bg7 4. Ne2 Nc6 5. c3 e5 6. d3 Nge7 7. Be3 d6 8. a3 O-O
9. b4 cxb4 10. axb4 d5 11. b5 d4 12. Bc1 Nb8 13. cxd4 exd4 14. O-O Qb6 15. Na3
Bd7 16. Rb1 Be6 17. Nf4 Nd7 18. Nxe6 Qxe6 19. Nc4 Nb6 20. Na5 Rfc8 21. Nxb7 a5
22. bxa6 Rxa6 23. Bd2 Na4 24. Qb3 Qxb3 25. Rxb3 Rc2 26. Bf4 Nc6 27. e5 Nc3 28.
Bxc6 Ne2+ 29. Kg2 Nxf4+ 30. gxf4 Raxc6 31. Nd6 Bf8 32. Ne4 Be7 33. Rb7 Re6 34.
Ra1 Rc8 35. Raa7 Re8 36. Rd7 f5 37. exf6 Bxf6 38. Nxf6+ Rxf6 39. Rg7+ Kf8 40.
Rxh7 Kg8 41. Rag7+ Kf8 42. Rh8+ Kxg7 43. Rxe8 Rxf4 44. Re4 Rxe4 45. dxe4 g5 46.
h3 Kf6 47. f3 Ke5 48. Kf2 Kf4 49. Ke2 1-0